000 00449nam a2200157Ia 4500
003 GCL
008 140319s9999 xx 000 0 eng d
040 _aGCL /
_cGCL
082 0 4 _a791.54
_bM S
100 1 _aMESCHKE, MICHAEL
245 1 0 _aIN SEARCH OF AESTHETICS FOR THE PUPPET THEATRE /
_cMESCHKE, MICHAEL
260 _a[S.N] :
_bINDIRA GANDHI NATIONL CENTRE FOR THE ART ،
_c1985
300 _a176
650 0 4 _aPUPPET THEATRE
942 _2ddc
_cBK
999 _c25340
_d25340